Finanzplatz Frankfurt.

Nemecké regionálne burzy a centralizačné opatrenia Frankfurtu (zmeny organizačnej štruktúry, integrácia, monopolizácia niektorých operácií...). Zásahy do trhového systému a potreba rovnosti šancí. Likvidita na trhu akcií. Nízke ceny výkonov regionálnych búrz. Konkurencia informačných systémov BOSS a...

Ausführliche Beschreibung

Gespeichert in:
Bibliographische Detailangaben
1. Verfasser: Schubert, A.H
Format: Buchkapitel
Sprache:Deutsch
Schlagworte:
Tags: Tag hinzufügen
Keine Tags, Fügen Sie das erste Tag hinzu!

MARC

LEADER 00000naa a2200000 4500
001 r005351
005 20221208122733.9
041 0 |a ger 
044 |a DE 
245 1 0 |a Finanzplatz Frankfurt.  |c A.H. Schubert 
520 |a Nemecké regionálne burzy a centralizačné opatrenia Frankfurtu (zmeny organizačnej štruktúry, integrácia, monopolizácia niektorých operácií...). Zásahy do trhového systému a potreba rovnosti šancí. Likvidita na trhu akcií. Nízke ceny výkonov regionálnych búrz. Konkurencia informačných systémov BOSS a BIFOS. Možnosti kooperácie frankfurtského centra a jeho 8 partnerov. 
610 2 0 |a financovanie 
610 2 0 |a Nemecko 
610 2 0 |a Frankfurt nad Mohanom 
610 2 0 |a burzy 
610 2 0 |a hospodárstvo trhové 
610 2 0 |a likvidita 
610 2 0 |a systémy informačné 
610 2 0 |a BOSS 
610 2 0 |a BIFOS 
100 1 |a Schubert, A.H.